Click the Country - Car Brand - Statistics

General Stats
  • This quiz has been taken 466 times
  • The average score is 10 of 20
Answer Stats
Hint Answer % Correct
Ferrari Italy
88%
Tesla USA
88%
Renault France
76%
Volvo Sweden
72%
Porsche Germany
71%
Kia South Korea
68%
Mazda Japan
66%
Skoda Czech Republic
63%
Lada Russia
55%
Tata India
50%
SEAT Spain
48%
Lotus UK
48%
Dacia Romania
47%
Holden Australia
46%
Gillet Belgium
28%
Anadol Turkey
26%
Geely China
25%
Proton Malaysia
23%
Zacua Mexico
22%
Puma Brazil
21%
No matching quizzes found
Score Distribution
Percent of People with Each Score
Percentile by Number Answered
Your Score History
You have not taken this quiz